000 00331nam a2200133Ia 4500
008 221030s9999 xx 000 0 und d
041 _aEnglish
100 _aA. K Ray
245 0 _aAdvanced Microprocessors & Peripherals
_cby A. K Ray, Bhurchandi, K. M
260 _c0
650 _aB
700 _aBhurchandi, K. M
942 _cBK
999 _c16337
_d16337